[Event "NAYCC U18"]
[Site "Windsor CAN"]
[Date "2016.08.07"]
[Round "1.2"]
[White "Doknjas, John"]
[Black "Song, Michael"]
[Result "0-1"]
[WhiteElo "2200"]
[BlackElo "2373"]
[PlyCount "68"]
[GameId "2160767908630024"]
[EventDate "2016.08.07"]
[EventType "swiss"]
[EventRounds "9"]
[EventCountry "CAN"]
[SourceTitle "EXT 2022"]
[Source "ChessBase"]
[SourceDate "2021.10.06"]
[SourceVersion "1"]
[SourceVersionDate "2021.10.06"]
[SourceQuality "1"]

1. d4 f5 2. g3 Nf6 3. Bg2 e6 4. c4 Be7 5. Nf3 O-O 6. O-O d6 7. b3 Ne4 8. Bb2 Bf6 9. Qc2 Nc6 10. a3 e5 11. dxe5 dxe5 12. Rd1 Qe7 13. b4 Be6 14. Nbd2 Nxd2 15. Nxd2 e4 16. Bxf6 Qxf6 17. Nb3 Ne5 18. Nc5 Rae8 19. Nxb7 f4 20. Qxe4 fxg3 21. fxg3 Qf2+ 22. Kh1 Ng4 23. Nc5 Qf6 24. Kg1 Qf2+ 25. Kh1 Qf6 26. Kg1 Qh6 27. h4 Ne3 28. Rd3 Bxc4 29. Qc6 Nxg2 30. Qxh6 gxh6 31. Kxg2 Rxe2+ 32. Kh3 Bxd3 33. Nxd3 Re3 34. Nc5 Rff3 0-1

[Event "NAYCC U18"]
[Site "Windsor CAN"]
[Date "2016.08.08"]
[Round "2.1"]
[White "Song, Michael"]
[Black "Zhu, Hong Rui"]
[Result "1/2-1/2"]
[WhiteElo "2373"]
[BlackElo "2232"]
[PlyCount "94"]
[GameId "2160767908630039"]
[EventDate "2016.08.07"]
[EventType "swiss"]
[EventRounds "9"]
[EventCountry "CAN"]
[SourceTitle "hb 2016"]

1. e4 c5 2. Nf3 d6 3. d4 cxd4 4. Nxd4 Nf6 5. Nc3 g6 6. Be3 Bg7 7. f3 Nc6 8. Qd2 O-O 9. g4 Be6 10. Nxe6 fxe6 11. h4 Rc8 12. Be2 Ne5 13. Nb5 Qd7 14. Nd4 Nc4 15. Bxc4 Rxc4 16. h5 b5 17. hxg6 hxg6 18. Qd3 e5 19. Nb3 Rfc8 20. c3 R4c7 21. Rd1 Qc6 22. Qd2 Qc4 23. Kf2 Qe6 24. g5 Nh5 25. Qd5 Qxd5 26. exd5 Rf8 27. Nd2 Rf5 28. Ne4 Rc4 29. Ke2 Nf4+ 30. Bxf4 exf4 31. b3 Rc8 32. Rd3 Be5 33. Kd2 Kg7 34. Kc2 Rff8 35. b4 a5 36. bxa5 Ra8 37. Kb1 Rxa5 38. Rh2 Kf7 39. Nd2 Ra4 40. Re2 Rc8 41. Ne4 Rh8 42. Rb2 Rh1+ 43. Kc2 Ra5 44. Kb3 Ra4 45. Kc2 Ra5 46. Kb3 Ra4 47. Kc2 Ra5 1/2-1/2

[Event "NAYCC U18"]
[Site "Windsor CAN"]
[Date "2016.08.08"]
[Round "3.1"]
[White "Song, Michael"]
[Black "Dorrance, Adam"]
[Result "1/2-1/2"]
[WhiteElo "2373"]
[BlackElo "2254"]
[PlyCount "99"]
[GameId "2160767908630055"]
[EventDate "2016.08.07"]
[EventType "swiss"]
[EventRounds "9"]
[EventCountry "CAN"]
[SourceTitle "hb 2016"]

1. d4 Nf6 2. Bg5 e6 3. e4 h6 4. Bxf6 Qxf6 5. Nf3 b6 6. Bd3 Bb7 7. Nbd2 c5 8. e5 Qd8 9. Be4 Qc7 10. c3 Bxe4 11. Nxe4 Nc6 12. O-O d5 13. exd6 Bxd6 14. d5 exd5 15. Qxd5 Rd8 16. Nxd6+ Qxd6 17. Rfe1+ Kf8 18. Qe4 g6 19. h4 Kg7 20. h5 Rhf8 21. Re2 Qd3 22. Rae1 Qxe4 23. Rxe4 Rd5 24. hxg6 fxg6 25. b4 cxb4 26. cxb4 Rf6 27. Rc1 Rfd6 28. Rec4 Nd4 29. Nxd4 Rxd4 30. Rxd4 Rxd4 31. Rc7+ Kg8 32. a3 a5 33. Rc6 axb4 34. Rxg6+ Kh7 35. Rxb6 bxa3 36. Ra6 Rd3 37. f3 Rb3 38. Kh2 Kg7 39. Kg3 Rc3 40. Kg4 Rc2 41. Kf5 Rc5+ 42. Ke4 Rc2 43. Rxa3 Rxg2 44. Ra7+ Kf6 45. Ra6+ Kg7 46. f4 Rg3 47. Ra7+ Kf8 48. Ke5 Rb3 49. f5 Rb6 50. f6 1/2-1/2

[Event "NAYCC U18"]
[Site "Windsor CAN"]
[Date "2016.08.09"]
[Round "4.5"]
[White "Graif, William"]
[Black "Song, Michael"]
[Result "0-1"]
[WhiteElo "2095"]
[BlackElo "2373"]
[PlyCount "102"]
[GameId "2160767908630075"]
[EventDate "2016.08.07"]
[EventType "swiss"]
[EventRounds "9"]
[EventCountry "CAN"]
[SourceTitle "EXT 2022"]
[Source "ChessBase"]
[SourceDate "2021.10.06"]
[SourceVersion "1"]
[SourceVersionDate "2021.10.06"]
[SourceQuality "1"]

1. e4 e5 2. Nf3 Nc6 3. Bb5 Nf6 4. O-O Nxe4 5. d4 Nd6 6. Bxc6 dxc6 7. dxe5 Nf5 8. Qxd8+ Kxd8 9. Nc3 Bd7 10. h3 Be7 11. Ne4 Ke8 12. g4 Nh4 13. Nxh4 Bxh4 14. f4 h5 15. f5 hxg4 16. hxg4 Be7 17. Be3 Rh4 18. Rf4 b6 19. Kg2 Bc8 20. Kg3 Rh8 21. Rd1 c5 22. Rd2 Bh4+ 23. Kf3 Bb7 24. Rh2 Kd7 25. Ke2 Ba6+ 26. Kf3 Be7 27. Rd2+ Kc6 28. f6 gxf6 29. Nxf6 Rh3+ 30. Ke4 Bc4 31. b3 Be6 32. Rf3 Rxf3 33. Kxf3 c4 34. Ne4 a5 35. Bg5 Bb4 36. Rd4 cxb3 37. axb3 Rg8 38. Kf4 Ba3 39. Rd1 b5 40. Ng3 Bb2 41. Nf5 Ra8 42. Nd4+ Bxd4 43. Rxd4 a4 44. bxa4 bxa4 45. Rd1 a3 46. Bh4 a2 47. Ra1 Ra4+ 48. Ke3 Rxg4 49. Be1 Rg1 50. Bc3 Rb1 51. Kd3 Kb5 0-1

[Event "NAYCC U18"]
[Site "Windsor CAN"]
[Date "2016.08.09"]
[Round "5.2"]
[White "Song, Michael"]
[Black "Shi, Diwen"]
[Result "1-0"]
[WhiteElo "2373"]
[BlackElo "2209"]
[PlyCount "65"]
[GameId "2160767908630088"]
[EventDate "2016.08.07"]
[EventType "swiss"]
[EventRounds "9"]
[EventCountry "CAN"]
[SourceTitle "hb 2016"]

1. e4 c5 2. Nf3 g6 3. c3 d5 4. exd5 Qxd5 5. Na3 Bg7 6. Bc4 Qe4+ 7. Be2 Nf6 8. O-O O-O 9. d4 cxd4 10. Nxd4 Qd5 11. Bf3 Qd7 12. Re1 Re8 13. Nc4 Qc7 14. Ne5 Nbd7 15. Nxf7 Nc5 16. Ne5 Nfe4 17. Nd3 e5 18. Bxe4 exd4 19. Nxc5 Qxc5 20. Bd5+ Kf8 21. Rxe8+ Kxe8 22. c4 Qe7 23. Bd2 Be6 24. Qb3 Bxd5 25. cxd5 Qd7 26. Re1+ Kf8 27. Bb4+ Kg8 28. Re7 Qf5 29. d6+ Kh8 30. Qe6 Qb1+ 31. Be1 Rf8 32. d7 Qxa2 33. Qxa2 1-0

[Event "NAYCC U18"]
[Site "Windsor CAN"]
[Date "2016.08.10"]
[Round "6.1"]
[White "Peng, David T"]
[Black "Song, Michael"]
[Result "0-1"]
[WhiteElo "2261"]
[BlackElo "2373"]
[PlyCount "68"]
[GameId "2160767908630103"]
[EventDate "2016.08.07"]
[EventType "swiss"]
[EventRounds "9"]
[EventCountry "CAN"]
[SourceTitle "EXT 2022"]
[Source "ChessBase"]
[SourceDate "2021.10.06"]
[SourceVersion "1"]
[SourceVersionDate "2021.10.06"]
[SourceQuality "1"]

1. e4 e5 2. Nf3 Nc6 3. Bb5 Nf6 4. d3 Bc5 5. Bxc6 dxc6 6. Qe2 Qe7 7. Nbd2 Bg4 8. h3 Bh5 9. a3 Nd7 10. Nf1 O-O-O 11. Ng3 Bxf3 12. Qxf3 g6 13. O-O h5 14. b4 Bb6 15. Be3 h4 16. Ne2 Rhf8 17. c4 Bxe3 18. Qxe3 Kb8 19. Rac1 f5 20. f4 exf4 21. Nxf4 Rf6 22. b5 g5 23. Nh5 f4 24. Qe2 Qc5+ 25. Kh1 Rd6 26. bxc6 Ne5 27. cxb7 Rxd3 28. Rfd1 Qxa3 29. Ra1 f3 30. gxf3 Rxd1+ 31. Rxd1 Rxd1+ 32. Qxd1 Qxf3+ 33. Qxf3 Nxf3 34. Nf6 Kxb7 0-1

[Event "NAYCC U18"]
[Site "Windsor CAN"]
[Date "2016.08.10"]
[Round "7.1"]
[White "Grabinsky, Aaron"]
[Black "Song, Michael"]
[Result "0-1"]
[WhiteElo "2312"]
[BlackElo "2373"]
[PlyCount "42"]
[GameId "2160767908630119"]
[EventDate "2016.08.07"]
[EventType "swiss"]
[EventRounds "9"]
[EventCountry "CAN"]
[SourceTitle "EXT 2022"]
[Source "ChessBase"]
[SourceDate "2021.10.06"]
[SourceVersion "1"]
[SourceVersionDate "2021.10.06"]
[SourceQuality "1"]

1. e4 e5 2. Nf3 Nc6 3. Bb5 Nf6 4. d3 Bc5 5. c3 O-O 6. O-O d6 7. Nbd2 Ne7 8. Ba4 Ng6 9. b4 Bb6 10. Nc4 d5 11. Nxb6 axb6 12. Nd2 Be6 13. Bb3 Nf4 14. d4 exd4 15. e5 N6h5 16. cxd4 Qg5 17. g3 Bg4 18. Nf3 Qg6 19. Bc2 Nh3+ 20. Kg2 N5f4+ 21. Kh1 Qxc2 0-1

[Event "NAYCC U18"]
[Site "Windsor CAN"]
[Date "2016.08.11"]
[Round "8.1"]
[White "Song, Michael"]
[Black "Niemann, Hans Moke"]
[Result "1/2-1/2"]
[WhiteElo "2373"]
[BlackElo "2298"]
[PlyCount "120"]
[GameId "2160767908630135"]
[EventDate "2016.08.07"]
[EventType "swiss"]
[EventRounds "9"]
[EventCountry "CAN"]
[SourceTitle "EXT 2022"]
[Source "ChessBase"]
[SourceDate "2021.10.06"]
[SourceVersion "1"]
[SourceVersionDate "2021.10.06"]
[SourceQuality "1"]

1. d4 Nf6 2. c4 g6 3. Nc3 d5 4. Nf3 Bg7 5. h4 dxc4 6. e4 c5 7. d5 b5 8. h5 Nxh5 9. Nxb5 Bg4 10. Bxc4 a6 11. Na3 Nd7 12. Be2 O-O 13. Nc4 Qb8 14. Rh4 Bxf3 15. gxf3 Bf6 16. Rxh5 gxh5 17. f4 Bd4 18. Be3 Nf6 19. Qd3 Kh8 20. O-O-O Rg8 21. d6 Qa7 22. dxe7 Qxe7 23. Bxd4 cxd4 24. Qxd4 Rac8 25. e5 Ng4 26. Kb1 Qc5 27. Qxc5 Rxc5 28. Nd6 Rc7 29. Bc4 Nxf2 30. Rf1 Ne4 31. Nxe4 Rxc4 32. Ng5 Rxg5 33. fxg5 Kg7 34. Rf6 Rg4 35. Rxa6 Rxg5 36. e6 fxe6 37. Rxe6 h4 38. Re1 h3 39. Kc2 Kg6 40. Kd3 Kh5 41. b4 Kh4 42. a4 h2 43. Rh1 Kh3 44. b5 Rg4 45. a5 Rb4 46. b6 Kg2 47. Rxh2+ Kxh2 48. Kc3 Rb1 49. Kc4 Kg1 50. Kc5 Rc1+ 51. Kb5 Rb1+ 52. Kc6 Rc1+ 53. Kb7 h5 54. a6 h4 55. a7 Ra1 56. a8=Q Rxa8 57. Kxa8 h3 58. b7 h2 59. b8=Q h1=Q+ 60. Qb7 Qxb7+ 1/2-1/2

[Event "NAYCC U18"]
[Site "Windsor CAN"]
[Date "2016.08.11"]
[Round "9.1"]
[White "Song, Michael"]
[Black "Wu, Christopher"]
[Result "1/2-1/2"]
[WhiteElo "2373"]
[BlackElo "2338"]
[PlyCount "100"]
[GameId "2160767908638343"]
[EventDate "2016.08.07"]
[EventType "swiss"]
[EventRounds "9"]
[EventCountry "CAN"]
[SourceTitle "hb 2016"]

1. e4 c5 2. Nf3 e6 3. c3 Nf6 4. e5 Nd5 5. d4 cxd4 6. cxd4 Nc6 7. Bc4 Nb6 8. Bb3 d6 9. Qe2 Bd7 10. Nc3 d5 11. h4 Na5 12. Bc2 Bb4 13. Ng5 Qc7 14. Rh3 Nc6 15. Qd3 h6 16. Nf3 Ne7 17. Ng1 Qc4 18. Nge2 Bb5 19. Qxc4 dxc4 20. Bd2 Bxc3 21. Nxc3 Bc6 22. h5 O-O-O 23. Be3 Nbd5 24. a3 Nxe3 25. fxe3 Bxg2 26. Rg3 Bc6 27. Rxg7 Rdg8 28. Rxf7 Rg1+ 29. Rf1 Rxf1+ 30. Kxf1 Rf8+ 31. Ke2 Bf3+ 32. Kd2 Bxh5 33. Rh1 Bg4 34. Ne4 h5 35. Bd1 Nd5 36. Bxg4 hxg4 37. Rg1 Rh8 38. Nd6+ Kd7 39. Nxc4 b5 40. Nd6 Rh2+ 41. Kd3 Rxb2 42. Rxg4 Rb3+ 43. Kc2 Rxa3 44. Nxb5 Nxe3+ 45. Kb2 Nxg4 46. Kxa3 a6 47. Nc3 Kc6 48. Kb4 Ne3 49. Ka5 Nf5 50. d5+ exd5 1/2-1/2

[Event "CYCC U18"]
[Site "Windsor CAN"]
[Date "2016.07.06"]
[Round "2.5"]
[White "Tao, Rachel"]
[Black "Song, Michael"]
[Result "0-1"]
[WhiteElo "1744"]
[BlackElo "2470"]
[PlyCount "52"]
[GameId "2160767908710292"]
[EventDate "2016.07.05"]
[EventType "swiss"]
[EventRounds "7"]
[EventCountry "CAN"]
[SourceTitle "EXT 2022"]
[Source "ChessBase"]
[SourceDate "2021.10.06"]
[SourceVersion "1"]
[SourceVersionDate "2021.10.06"]
[SourceQuality "1"]

1. e4 c5 2. Nf3 e6 3. c4 Nc6 4. Nc3 a6 5. a3 g6 6. d4 cxd4 7. Nxd4 Bg7 8. Be3 Nge7 9. Be2 O-O 10. O-O f5 11. exf5 gxf5 12. Nxc6 Nxc6 13. Bc5 Rf7 14. Bd6 Bf6 15. Qd2 Rg7 16. Kh1 Nd4 17. Rad1 b5 18. c5 Bb7 19. Rg1 Qe8 20. Qh6 Qg6 21. Qxg6 hxg6 22. Bd3 Rh7 23. Rge1 Kf7 24. Kg1 Rah8 25. h3 g5 26. Bf1 Rxh3 0-1

[Event "CYCC U18"]
[Site "Windsor CAN"]
[Date "2016.07.06"]
[Round "3.3"]
[White "Song, Michael"]
[Black "Nasir, Zehn"]
[Result "1/2-1/2"]
[WhiteElo "2470"]
[BlackElo "2077"]
[PlyCount "83"]
[GameId "2160767908710298"]
[EventDate "2016.07.05"]
[EventType "swiss"]
[EventRounds "7"]
[EventCountry "CAN"]
[SourceTitle "hb 2016"]

1. d4 Nf6 2. c4 c5 3. d5 e6 4. Nc3 exd5 5. cxd5 d6 6. e4 g6 7. Nge2 Bg7 8. Ng3 O-O 9. Be2 a6 10. a4 h5 11. O-O Nbd7 12. Bg5 Qc7 13. f4 Nh7 14. Bh4 c4 15. Kh1 Rb8 16. Ra3 b5 17. axb5 axb5 18. b4 Re8 19. Qd2 Ndf6 20. Ra5 Bd7 21. Rfa1 Ng4 22. Bxg4 hxg4 23. Nge2 Nf6 24. e5 Nh5 25. Ra7 Rb7 26. Rxb7 Qxb7 27. Ne4 Ra8 28. Rxa8+ Qxa8 29. Nxd6 Qa1+ 30. Be1 Nxf4 31. e6 fxe6 32. Nxf4 Be5 33. g3 Bxd6 34. dxe6 Bc6+ 35. Kg1 Qe5 36. Qe2 Qxe2 37. Nxe2 Be5 38. Kf2 Kf8 39. Bc3 Bxc3 40. Nxc3 Ke7 41. Ke3 Kxe6 42. Kd4 1/2-1/2

[Event "CYCC U18"]
[Site "Windsor CAN"]
[Date "2016.07.07"]
[Round "4.2"]
[White "Song, Michael"]
[Black "Pobereshnikova, Agniya"]
[Result "1-0"]
[WhiteElo "2470"]
[BlackElo "1632"]
[PlyCount "33"]
[GameId "2160767908710305"]
[EventDate "2016.07.05"]
[EventType "swiss"]
[EventRounds "7"]
[EventCountry "CAN"]
[SourceTitle "hb 2016"]

1. d4 Nf6 2. c4 e6 3. Nc3 Bb4 4. e3 O-O 5. Bd3 b6 6. Nge2 Bb7 7. a3 Be7 8. e4 d6 9. O-O Nbd7 10. Ng3 Re8 11. f4 e5 12. fxe5 dxe5 13. d5 Bc5+ 14. Kh1 Bd4 15. Nf5 Nc5 16. Bg5 Kh8 17. Nxg7 1-0

[Event "CYCC U18"]
[Site "Windsor CAN"]
[Date "2016.07.08"]
[Round "7.1"]
[White "Song, Michael"]
[Black "Shi, Diwen"]
[Result "1/2-1/2"]
[WhiteElo "2470"]
[BlackElo "2220"]
[PlyCount "20"]
[GameId "2160767908710328"]
[EventDate "2016.07.05"]
[EventType "swiss"]
[EventRounds "7"]
[EventCountry "CAN"]
[SourceTitle "hb 2016"]

1. d4 Nf6 2. c4 e6 3. Nc3 Bb4 4. e3 O-O 5. Bd3 d5 6. a3 dxc4 7. Bxc4 Bxc3+ 8. bxc3 c5 9. Bb2 Qc7 10. Bd3 e5 1/2-1/2

[Event "Hart House Holidays op"]
[Site "Toronto CAN"]
[Date "2015.12.20"]
[Round "4"]
[White "Song, Michael"]
[Black "Chen, Richard"]
[Result "1-0"]
[WhiteElo "2421"]
[BlackElo "2287"]
[PlyCount "49"]
[GameId "2160767908790616"]
[EventDate "2015.12.18"]
[EventType "swiss"]
[EventRounds "5"]
[EventCountry "CAN"]
[SourceTitle "EXT 2019"]
[Source "ChessBase"]
[SourceDate "2018.10.10"]
[SourceVersion "1"]
[SourceVersionDate "2018.10.10"]
[SourceQuality "1"]

1. d4 Nf6 2. c4 c5 3. d5 b5 4. cxb5 a6 5. bxa6 g6 6. Nc3 Bg7 7. e4 O-O 8. Nf3 Qa5 9. Nd2 Bxa6 10. Bxa6 Qxa6 11. Qe2 e6 12. Nc4 Re8 13. d6 Nc6 14. Ne3 Reb8 15. f4 Rb4 16. e5 Ne4 17. Qxa6 Rxa6 18. O-O f6 19. a3 Nxc3 20. bxc3 Rb3 21. Ng4 fxe5 22. fxe5 Nxe5 23. Nh6+ Bxh6 24. Bxh6 Nf7 25. Rxf7 1-0

[Event "Hart House Holidays op"]
[Site "Toronto CAN"]
[Date "2015.12.20"]
[Round "5"]
[White "Song, Michael"]
[Black "Noritsyn, Nikolay"]
[Result "0-1"]
[WhiteElo "2421"]
[BlackElo "2578"]
[PlyCount "100"]
[GameId "2160767908790622"]
[EventDate "2015.12.18"]
[EventType "swiss"]
[EventRounds "5"]
[EventCountry "CAN"]
[SourceTitle "EXT 2019"]
[Source "ChessBase"]
[SourceDate "2018.10.10"]
[SourceVersion "1"]
[SourceVersionDate "2018.10.10"]
[SourceQuality "1"]

1. d4 d5 2. c4 e6 3. Nc3 c6 4. e3 Nf6 5. Nf3 Nbd7 6. Bd3 dxc4 7. Bxc4 b5 8. Bd3 a6 9. O-O c5 10. a3 Bb7 11. Qe2 Qb6 12. Rd1 Rc8 13. dxc5 Nxc5 14. Bc2 Be7 15. e4 O-O 16. Be3 Qc7 17. Bd4 Rfd8 18. h3 h6 19. Rd2 Ncd7 20. Rad1 Nb6 21. Bb3 Nfd7 22. Qe3 Re8 23. Ne5 Nxe5 24. Bxb6 Nc4 25. Bxc4 Qxc4 26. Bd4 a5 27. Qg3 Bf8 28. f3 b4 29. axb4 axb4 30. Ne2 Qb5 31. Qe5 Ba6 32. Ng3 f6 33. Qxb5 Bxb5 34. e5 f5 35. Ne2 Be7 36. Be3 Bc4 37. Nd4 Bf8 38. Rc1 b3 39. g4 fxg4 40. hxg4 Bb4 41. Rf2 Bd5 42. Rxc8 Rxc8 43. f4 Ra8 44. f5 Ra1+ 45. Rf1 Ra2 46. Rf2 Be1 47. Rf1 Bg3 48. f6 Kf7 49. g5 hxg5 50. Nf3 Bxf3 0-1

[Event "Kitchener Masters"]
[Site "Kitchener CAN"]
[Date "2015.07.31"]
[Round "1"]
[White "Song, Michael"]
[Black "Chaichi, Navid"]
[Result "1-0"]
[WhiteElo "2316"]
[BlackElo "2109"]
[PlyCount "53"]
[GameId "2160767908837115"]
[EventDate "2015.07.31"]
[EventType "schev"]
[EventRounds "10"]
[EventCountry "CAN"]
[SourceTitle "Mega2015 Update 40"]
[Source "Chessbase"]
[SourceDate "2015.08.28"]
[SourceVersion "1"]
[SourceVersionDate "2015.08.28"]
[SourceQuality "1"]
[WhiteTeam "Team 1"]
[BlackTeam "Team 2"]

1. d4 Nf6 2. c4 e6 3. Nc3 Bb4 4. e3 O-O 5. Bd3 d5 6. a3 dxc4 7. Bxc4 Be7 8. Nf3 b6 9. e4 Bb7 10. Qe2 c5 11. dxc5 bxc5 12. O-O Nc6 13. Rd1 Qc8 14. e5 Nd7 15. Nb5 Nb6 16. Bd3 Rd8 17. Be3 Nd5 18. Bg5 Nd4 19. Nbxd4 cxd4 20. Rac1 Qb8 21. Qe4 g6 22. Qh4 Rd7 23. Bxe7 Rxe7 24. Qe4 Qd8 25. Ng5 Nb6 26. Qh4 f5 27. exf6 1-0

[Event "Kitchener Masters"]
[Site "Kitchener CAN"]
[Date "2015.07.31"]
[Round "2"]
[White "Chaichi, Navid"]
[Black "Song, Michael"]
[Result "1-0"]
[WhiteElo "2109"]
[BlackElo "2316"]
[PlyCount "125"]
[GameId "2160767908837116"]
[EventDate "2015.07.31"]
[EventType "schev"]
[EventRounds "10"]
[EventCountry "CAN"]
[SourceTitle "Mega2015 Update 40"]
[Source "Chessbase"]
[SourceDate "2015.08.28"]
[SourceVersion "1"]
[SourceVersionDate "2015.08.28"]
[SourceQuality "1"]
[WhiteTeam "Team 2"]
[BlackTeam "Team 1"]

1. e4 e5 2. Nf3 Nc6 3. Bb5 Nf6 4. d3 Bc5 5. O-O d6 6. c3 O-O 7. h3 Ne7 8. Nbd2 c6 9. Ba4 Ng6 10. d4 Bb6 11. Re1 Bc7 12. Nf1 d5 13. dxe5 Nxe4 14. Bc2 Be6 15. Nd4 Bxe5 16. Nxe6 fxe6 17. f3 Qf6 18. Bxe4 dxe4 19. Rxe4 Rae8 20. Be3 Bb8 21. Qa4 Rf7 22. Re1 Rd7 23. Qa5 Rd5 24. Qb4 Qf7 25. Bf2 Nf4 26. Qc4 Rg5 27. Bg3 Nxh3+ 28. Kh2 Rxg3 29. Nxg3 Qc7 30. Rg4 Nf2 31. Rg5 Qf4 32. Qxf4 Bxf4 33. Ra5 h5 34. Rxh5 g6 35. Rh4 g5 36. Rxf4 gxf4 37. Nh5 Kf7 38. Nxf4 e5 39. Kg1 Rd8 40. Rxe5 Kf6 41. Re2 Nd1 42. Kf1 Kf5 43. g3 Rh8 44. Kg2 Rd8 45. Ne6 Rd6 46. g4+ Kf6 47. Nd4 c5 48. Nf5 Rb6 49. b3 c4 50. bxc4 Nxc3 51. Rc2 Nd1 52. Kg3 Rb2 53. Rxb2 Nxb2 54. Ne3 Ke5 55. g5 Nd3 56. Kg4 a6 57. Nd5 b5 58. f4+ Ke6 59. f5+ Kf7 60. g6+ Kf8 61. cxb5 axb5 62. Kg5 Nc5 63. f6 1-0

[Event "Kitchener Masters"]
[Site "Kitchener CAN"]
[Date "2015.08.01"]
[Round "3"]
[White "Song, Michael"]
[Black "Viswanadha, Kesav"]
[Result "1-0"]
[WhiteElo "2316"]
[BlackElo "2367"]
[PlyCount "119"]
[GameId "2160767908837125"]
[EventDate "2015.07.31"]
[EventType "schev"]
[EventRounds "10"]
[EventCountry "CAN"]
[SourceTitle "Mega2015 Update 40"]
[Source "Chessbase"]
[SourceDate "2015.08.28"]
[SourceVersion "1"]
[SourceVersionDate "2015.08.28"]
[SourceQuality "1"]
[WhiteTeam "Team 1"]
[BlackTeam "Team 2"]

1. e4 e5 2. f4 d5 3. exd5 exf4 4. Nf3 Nf6 5. Bb5+ c6 6. dxc6 Nxc6 7. d4 Bd6 8. O-O O-O 9. Nbd2 Bg4 10. c3 Bc7 11. Nb3 Ne7 12. Nc5 b6 13. Nd3 a6 14. Ba4 Nfd5 15. Bb3 Kh8 16. Qe1 f6 17. Bd2 Ng6 18. Qc1 Bf5 19. Bxd5 Bxd3 20. Bxa8 Bxf1 21. Qxf1 Qxa8 22. Qc4 Bd6 23. Re1 b5 24. Qe6 Qd8 25. h4 Rg8 26. h5 Nf8 27. Qd5 Qd7 28. Re4 g5 29. hxg6 Rxg6 30. Re2 Rg4 31. Kf1 Kg7 32. b3 Qc7 33. c4 bxc4 34. bxc4 Ng6 35. c5 Be7 36. Qf5 Rg5 37. Nxg5 fxg5 38. Qe6 Bf6 39. c6 Nf8 40. Qd5 Qb6 41. Qc5 Qb1+ 42. Be1 f3 43. gxf3 Qd3 44. Qc3 Qf5 45. c7 Qh3+ 46. Kg1 Qc8 47. Qc6 Bxd4+ 48. Bf2 Bxf2+ 49. Kxf2 Ng6 50. Re8 Qh3 51. Rg8+ Kh6 52. Rxg6+ hxg6 53. c8=Q Qh2+ 54. Ke3 Qg1+ 55. Ke4 Qe1+ 56. Kd5 Qd2+ 57. Ke6 Qxa2+ 58. Qd5 Qa1 59. Qe5 Qa2+ 60. Kf6 1-0

[Event "Kitchener Masters"]
[Site "Kitchener CAN"]
[Date "2015.08.01"]
[Round "4"]
[White "Viswanadha, Kesav"]
[Black "Song, Michael"]
[Result "1/2-1/2"]
[WhiteElo "2367"]
[BlackElo "2316"]
[PlyCount "125"]
[GameId "2160767908837130"]
[EventDate "2015.07.31"]
[EventType "schev"]
[EventRounds "10"]
[EventCountry "CAN"]
[SourceTitle "Mega2015 Update 40"]
[Source "Chessbase"]
[SourceDate "2015.08.28"]
[SourceVersion "1"]
[SourceVersionDate "2015.08.28"]
[SourceQuality "1"]
[WhiteTeam "Team 2"]
[BlackTeam "Team 1"]

1. d4 Nf6 2. c4 g6 3. Nc3 Bg7 4. e4 d6 5. Be2 O-O 6. Bg5 Na6 7. Qd2 e5 8. d5 Qe8 9. f3 Nh5 10. Bd1 Bd7 11. Nge2 f5 12. Bc2 Nb4 13. Bb1 a5 14. a3 Na6 15. b3 Nc5 16. Bc2 Nf6 17. Rb1 f4 18. Bh4 h6 19. Bf2 g5 20. b4 axb4 21. axb4 Na6 22. c5 g4 23. c6 bxc6 24. dxc6 Be6 25. Na4 Qh5 26. Qc3 d5 27. b5 Nb8 28. Nc5 Bf7 29. O-O d4 30. Qd3 gxf3 31. Qxf3 Qxf3 32. gxf3 Ra5 33. Be1 Nxc6 34. Bxa5 Nxa5 35. Ra1 Nc4 36. Bd3 Rb8 37. Rfc1 Nd2 38. Kf2 Ne8 39. Ra7 Nb3 40. Nxb3 Bxb3 41. Rc6 Bf8 42. Rg6+ Kf7 43. Rc6 Kg8 44. Kg2 Nd6 45. Ra5 Nb7 46. Ra1 Nc5 47. Nc1 Nxd3 48. Nxd3 Bd6 49. b6 Rxb6 50. Rxb6 cxb6 51. Rb1 Bc2 52. Rxb6 Be7 53. Ne1 Bd1 54. Rxh6 Be2 55. Rh5 Bd6 56. Rh6 Be7 57. Kf2 d3 58. Nxd3 Bxd3 59. Re6 Bc5+ 60. Kg2 Bd4 61. h4 Bc4 62. Rc6 Bf7 63. Ra6 1/2-1/2

[Event "Ontario op"]
[Site "Brantford CAN"]
[Date "2015.05.16"]
[Round "2.8"]
[White "Itkin, David"]
[Black "Song, Michael"]
[Result "0-1"]
[WhiteElo "2225"]
[BlackElo "2405"]
[PlyCount "128"]
[GameId "2160767908934181"]
[EventDate "2015.05.16"]
[EventType "swiss"]
[EventRounds "6"]
[EventCountry "CAN"]
[SourceTitle "EXT 2019"]
[Source "ChessBase"]
[SourceDate "2018.10.10"]
[SourceVersion "1"]
[SourceVersionDate "2018.10.10"]
[SourceQuality "1"]

1. e4 e6 2. d4 d5 3. Nc3 Bb4 4. exd5 exd5 5. Bd3 Nc6 6. a3 Bxc3+ 7. bxc3 Nge7 8. Qf3 Be6 9. Rb1 Rb8 10. Ne2 Qd7 11. h3 Bf5 12. Ng3 Bxd3 13. cxd3 O-O 14. O-O b6 15. Nh5 f6 16. Re1 Ng6 17. a4 Rbd8 18. Kf1 Na5 19. Qg3 Rf7 20. Nf4 Nxf4 21. Bxf4 Qxa4 22. Bxc7 Rc8 23. Bd6 Qd7 24. Bb4 Nc6 25. Ba3 f5 26. Qf3 Nd8 27. Qxd5 h6 28. Qxd7 Rxd7 29. Re8+ Kf7 30. Rf8+ Kg6 31. Bb2 Rc6 32. Re1 Ne6 33. Re8 Kf7 34. Ra8 Nf4 35. Rd1 b5 36. g3 Nd5 37. Rc1 Nb6 38. Rb8 a6 39. Re1 Na4 40. Ba1 Nxc3 41. Re5 Nd5 42. Rxf5+ Kg6 43. Re5 Rc1+ 44. Re1 Rdc7 45. Bb2 R1c2 46. Ba3 b4 47. Rxb4 Nxb4 48. Bxb4 Rf7 49. f4 Rb7 50. Ba5 Ra2 51. Re5 Rb5 52. Be1 Rxe5 53. dxe5 Kf5 54. g4+ Kxf4 55. e6 Rc2 56. e7 Rc8 57. Bc3 Kf3 58. Kg1 g6 59. Kh2 Ke3 60. Ba5 Re8 61. Bd8 Kxd3 62. Kg3 Ke4 63. h4 Ke5 64. h5 g5 0-1

[Event "Ontario op"]
[Site "Brantford CAN"]
[Date "2015.05.18"]
[Round "6.5"]
[White "Zhou, Qiyu"]
[Black "Song, Michael"]
[Result "0-1"]
[WhiteElo "2258"]
[BlackElo "2405"]
[PlyCount "76"]
[GameId "2160767908934191"]
[EventDate "2015.05.16"]
[EventType "swiss"]
[EventRounds "6"]
[EventCountry "CAN"]
[SourceTitle "EXT 2019"]
[Source "ChessBase"]
[SourceDate "2018.10.10"]
[SourceVersion "1"]
[SourceVersionDate "2018.10.10"]
[SourceQuality "1"]

1. d4 f5 2. Nf3 Nf6 3. g3 g6 4. Bg2 Bg7 5. O-O O-O 6. c4 d6 7. Nc3 c6 8. e3 Qc7 9. b3 e5 10. Bb2 Na6 11. Rc1 e4 12. Ne1 Bd7 13. Nc2 d5 14. Ba3 Rf7 15. Re1 Be6 16. Bf1 Qd7 17. cxd5 Nxd5 18. Nxd5 cxd5 19. Qd2 g5 20. Bg2 Rd8 21. f4 exf3 22. Bxf3 Nc7 23. Rf1 Nb5 24. Bb2 Rdf8 25. a4 Nd6 26. Qg2 Ne4 27. Ba3 Rc8 28. Nb4 Bf8 29. Rxc8 Qxc8 30. Nc2 Rc7 31. Bxe4 dxe4 32. Nb4 a5 33. d5 axb4 34. dxe6 bxa3 35. Qh3 Qxe6 36. Rxf5 Qe7 37. Qh5 a2 38. Rxg5+ Kh8 0-1